| 000 | 00684nam a2200217Ia 4500 | ||
|---|---|---|---|
| 003 | GCL | ||
| 008 | 140319s9999 xx 000 0 ara d | ||
| 040 |
_aGCL / _cGCL |
||
| 082 | 0 | 4 |
_a624.16 _bن ت |
| 100 | 1 | _aنبيل سراج | |
| 245 | 1 | 0 |
_aالتصميمات التنفيذية فى العمارة: التفصيل فى المبانى / _cنبيل سراج |
| 700 | 1 | _aمجدى محمد موسى | |
| 260 |
_a[S.N] : _bدار الراتب الجامعية |
||
| 490 | _a | ||
| 650 | 0 | 4 | _aالهندسة |
| 650 | 0 | 4 | _aهندسة الانشاءات |
| 650 | 0 | 4 | _aالاساسات |
| 650 | 0 | 4 | _aالتصميم الانشائى |
| 650 | 0 | 4 | _aالمبانى |
| 942 |
_2ddc _cBK |
||
| 999 |
_c55002 _d55002 |
||